[Event "DVM U12 2014"]
[Site "Verden/Aller GER"]
[Date "2014.12.27"]
[Round "2"]
[White "Bahde, Thiemo"]
[Black "Bui, Ngoc Han Julia"]
[Result "1-0"]
[Termination "normal"]
[Board "2.3"]
[WhiteElo "1064"]
[BlackElo "1562"]
[WhiteTeam "TuRa Harksheide"]
[BlackTeam "SV Dresden-Leuben"]
[PlyCount "113"]
[WhiteFideId "16205537"]
[BlackFideId "12977055"]
[EventCountry "GER"]
[EventRounds "7"]
[EventType "team-swiss"]
[EventDate "2014.12.26"]

1. e4 c5 2. Nf3 d6 3. Nc3 Nf6 4. Bc4 e6 5. d4 cxd4 6. Qxd4 a6 7. e5 Nc6 8. Qe3
dxe5 9. Nxe5 Nxe5 10. Qxe5 Bd6 11. Qe2 O-O 12. Bg5 b5 13. Bd3 Bb7 14. Be4 Bxe4
15. Nxe4 Be7 16. Nxf6+ Bxf6 17. Bxf6 Qxf6 18. O-O-O Rac8 19. g3 Rc7 20. Rd2
Rfc8 21. Rhd1 h6 22. Qe5 Qg5 23. f4 Qe7 24. a3 Rc4 25. Qe3 Qc7 26. Qd3 a5 27.
Kb1 b4 28. b3 Rc6 29. a4 Rc3 30. Qe4 Qb8 31. Qe5 Qc7 32. Qxc7 R8xc7 33. Rd8+
Kh7 34. R1d2 Kg6 35. g4 Rc8 36. R8d6 Kh7 37. R6d3 Rxd3 38. Rxd3 g5 39. fxg5
hxg5 40. Kb2 Kg6 41. c3 bxc3+ 42. Rxc3 Rxc3 43. Kxc3 f5 44. b4 axb4+ 45. Kxb4
f4 46. Kc3 f3 47. Kd3 e5 48. a5 e4+ 49. Ke3 Kf6 50. a6 Ke5 51. a7 f2 52. Kxf2
Kf4 53. a8=Q e3+ 54. Ke2 Kxg4 55. Qf3+ Kh4 56. h3 g4 57. Qxg4# 1-0

[Event "DVM U12 2014"]
[Site "Verden/Aller GER"]
[Date "2014.12.27"]
[Round "2"]
[White "Wong, Kar Yan"]
[Black "Peters, Malte"]
[Result "1-0"]
[Termination "normal"]
[Board "2.4"]
[WhiteElo "1312"]
[BlackElo "866"]
[WhiteTeam "SV Dresden-Leuben"]
[BlackTeam "TuRa Harksheide"]
[PlyCount "115"]
[WhiteFideId "12971855"]
[BlackFideId "16208978"]
[EventCountry "GER"]
[EventRounds "7"]
[EventType "team-swiss"]
[EventDate "2014.12.26"]

1. e4 e5 2. Nf3 Nf6 3. Nc3 Nc6 4. Bb5 Bb4 5. d3 d6 6. a3 Bxc3+ 7. bxc3 Bg4 8.
Bg5 Qe7 9. Qe2 O-O 10. Qe3 Qe6 11. Bc4 d5 12. Bb3 Rfd8 13. h3 Bh5 14. exd5 Nxd5
15. Bxd8 Nxe3 16. Bxe6 Nxc2+ 17. Kd2 Nxa1 18. Bxc7 fxe6 19. Rxa1 Bxf3 20. gxf3
Rc8 21. Bd6 Na5 22. Rb1 Rd8 23. Bc7 Nc4+ 24. Ke2 Rc8 25. Rxb7 Nxa3 26. Bxe5 a5
27. Rxg7+ Kf8 28. Ra7 Nb5 29. Rxa5 Nxc3+ 30. Bxc3 Rxc3 31. Ra7 Kg8 32. Re7 Rc6
33. Ke3 Rc1 34. Kf4 Re1 35. Kg5 Rg1+ 36. Kf6 Rg6+ 37. Ke5 Rg5+ 38. Ke4 Rg6 39.
f4 h6 40. f5 exf5+ 41. Kxf5 Rg5+ 42. Kf4 Kf8 43. Rh7 Rh5 44. Kg4 Rd5 45. Rxh6
Rxd3 46. f4 Rd4 47. Rg6 Kf7 48. Ra6 Re4 49. Kf5 Re1 50. h4 Rh1 51. Ra7+ Kg8 52.
h5 Rxh5+ 53. Kg6 Rf5 54. Kxf5 Kf8 55. Ke6 Kg8 56. Kf6 Kh8 57. Kg6 Kg8 58. Ra8#
1-0

[Event "DVM U12 2014"]
[Site "Verden/Aller GER"]
[Date "2014.12.27"]
[Round "2"]
[White "Dietz, Florian"]
[Black "Schlangenotto, Niklas"]
[Result "1-0"]
[Termination "normal"]
[Board "3.1"]
[WhiteElo "1805"]
[BlackElo "1549"]
[WhiteTeam "Reideburger SV 90 Halle"]
[BlackTeam "SK Blauer Springer Paderborn"]
[PlyCount "97"]
[WhiteFideId "12939897"]
[BlackFideId "16217560"]
[EventCountry "GER"]
[EventRounds "7"]
[EventType "team-swiss"]
[EventDate "2014.12.26"]

1. e4 e6 2. d4 d5 3. Nd2 Nf6 4. Bd3 c5 5. e5 Nfd7 6. c3 Nc6 7. Ne2 a6 8. a4 Be7
9. O-O O-O 10. Nf3 b6 11. Bd2 Bb7 12. Qb1 h6 13. Qc1 c4 14. Bc2 f5 15. Nf4 Kf7
16. g4 g6 17. gxf5 gxf5 18. Bxf5 exf5 19. e6+ Ke8 20. exd7+ Qxd7 21. Qe1 Rg8+
22. Kh1 Kd8 23. Ne5 Nxe5 24. Qxe5 Kc8 25. Ne6 Rg6 26. Qh8+ Bd8 27. Qxd8+ Qxd8
28. Nxd8 Kxd8 29. Rg1 Rxg1+ 30. Rxg1 Kd7 31. Rg7+ Kc6 32. Rg6+ Kd7 33. Rxb6 Bc6
34. a5 Ba4 35. Bxh6 Bc2 36. Kg2 Rg8+ 37. Kf3 Bd1+ 38. Kf4 Bc2 39. f3 Rg2 40. h4
Rf2 41. Kg3 Rf1 42. Kg2 Re1 43. Rxa6 Re2+ 44. Kg3 Bb3 45. Rb6 Rxb2 46. a6 Ra2
47. Bf4 Ra5 48. h5 Ba4 49. h6 1-0

[Event "DVM U12 2014"]
[Site "Verden/Aller GER"]
[Date "2014.12.27"]
[Round "2"]
[White "Stirnberg, Noah"]
[Black "Post, Hugo"]
[Result "1/2-1/2"]
[Termination "normal"]
[Board "3.2"]
[WhiteElo "1528"]
[BlackElo "1760"]
[WhiteTeam "SK Blauer Springer Paderborn"]
[BlackTeam "Reideburger SV 90 Halle"]
[PlyCount "42"]
[WhiteFideId "16207742"]
[BlackFideId "12962490"]
[EventCountry "GER"]
[EventRounds "7"]
[EventType "team-swiss"]
[EventDate "2014.12.26"]

1. e4 c5 2. Nf3 Nc6 3. d4 cxd4 4. Nxd4 g6 5. Nc3 Bg7 6. Nb3 Nf6 7. Be3 O-O 8.
f3 d6 9. Be2 Be6 10. Qd2 Rb8 11. O-O-O Na5 12. Nd5 Nxb3+ 13. axb3 b5 14. g4 a5
15. h4 a4 16. b4 a3 17. bxa3 Ra8 18. Bb6 Rxa3 19. e5 Qa8 20. Nxe7+ Kh8 21. Ba5
dxe5 {Weitere Züge nicht nachvollziehbar.} 1/2-1/2

[Event "DVM U12 2014"]
[Site "Verden/Aller GER"]
[Date "2014.12.27"]
[Round "2"]
[White "Henning, Marvin"]
[Black "Brockhoff, Moritz"]
[Result "1/2-1/2"]
[Termination "normal"]
[Board "3.3"]
[WhiteElo "1791"]
[BlackElo "1447"]
[WhiteTeam "Reideburger SV 90 Halle"]
[BlackTeam "SK Blauer Springer Paderborn"]
[PlyCount "87"]
[WhiteFideId "12957399"]
[BlackFideId "16214927"]
[EventCountry "GER"]
[EventRounds "7"]
[EventType "team-swiss"]
[EventDate "2014.12.26"]

1. d4 Nf6 2. g3 g6 3. Bg2 Bg7 4. Nf3 d6 5. O-O O-O 6. c3 Re8 7. Re1 Nbd7 8. e4
e5 9. Nbd2 b6 10. b4 c6 11. Nc4 Qc7 12. dxe5 dxe5 13. Qd6 Qxd6 14. Nxd6 Rd8 15.
Bg5 h6 16. Bxf6 Bxf6 17. Nxc8 Raxc8 18. Bh3 c5 19. b5 c4 20. Rad1 Rc7 21. Rd5
Nc5 22. Rxd8+ Bxd8 23. Nxe5 Nd3 24. Nxd3 cxd3 25. Rd1 Rxc3 26. Bf1 Kg7 27. Rxd3
Rxd3 28. Bxd3 Kf6 29. Bc4 Ke7 30. Bd5 f6 31. Kg2 Kd6 32. f4 Bc7 33. Kf3 Kc5 34.
Bc6 Kd4 35. g4 g5 36. fxg5 hxg5 37. h3 Bf4 38. h4 Bd6 39. h5 Bf8 40. Ke2 Ke5
41. Kf3 Kd4 42. Ke2 Ke5 43. Kf3 Kd4 44. Ke2 1/2-1/2

[Event "DVM U12 2014"]
[Site "Verden/Aller GER"]
[Date "2014.12.27"]
[Round "2"]
[White "Janke, Julian"]
[Black "Schlosser, Justin"]
[Result "0-1"]
[Termination "normal"]
[Board "3.4"]
[WhiteElo "1192"]
[BlackElo "1360"]
[WhiteTeam "SK Blauer Springer Paderborn"]
[BlackTeam "Reideburger SV 90 Halle"]
[PlyCount "68"]
[WhiteFideId "16229185"]
[BlackFideId "12993700"]
[EventCountry "GER"]
[EventRounds "7"]
[EventType "team-swiss"]
[EventDate "2014.12.26"]

1. d4 Nf6 2. Nf3 d5 3. g3 Bf5 4. Bg2 Nc6 5. c3 e6 6. Bf4 Be7 7. Nbd2 Qd7 8. Nh4
Bg4 9. h3 Bh5 10. Qc2 h6 11. g4 g5 12. gxh5 gxf4 13. Bf3 Nxh5 14. Ng2 Nf6 15.
Nxf4 Bd6 16. Ng2 e5 17. dxe5 Nxe5 18. O-O-O Nxf3 19. Nxf3 O-O-O 20. Ne3 Rhe8
21. Nxd5 Nxd5 22. e4 Ne3 23. fxe3 Qe6 24. Nd2 Qxa2 25. Qd3 Qa4 26. Rdf1 f6 27.
Rxf6 Be5 28. Qf1 Bxf6 29. Qxf6 Qd7 30. Rh2 Rxe4 31. Qxh6 Ra4 32. h4 Ra1+ 33.
Kc2 Qa4+ 34. Nb3 Qe4# 0-1

[Event "DVM U12 2014"]
[Site "Verden/Aller GER"]
[Date "2014.12.27"]
[Round "2"]
[White "Pölt, Christoph"]
[Black "Suvorov, Alexander"]
[Result "0-1"]
[Termination "normal"]
[Board "4.1"]
[WhiteElo "1678"]
[BlackElo "1823"]
[WhiteTeam "TV Tegernsee"]
[BlackTeam "SG Porz"]
[PlyCount "58"]
[WhiteFideId "12960853"]
[BlackFideId "12977063"]
[EventCountry "GER"]
[EventRounds "7"]
[EventType "team-swiss"]
[EventDate "2014.12.26"]

1. d4 d5 2. c4 dxc4 3. e3 e5 4. Bxc4 exd4 5. Nf3 Bd6 6. Nxd4 Nf6 7. O-O a6 8.
Nf3 O-O 9. Qc2 Nc6 10. a3 Bg4 11. Nbd2 Qe7 12. b4 Ne5 13. Nxe5 Qxe5 14. g3 Qh5
15. Bb2 Nd7 16. Rfe1 Rad8 17. Bf1 Be5 18. Bg2 c6 19. Nb3 Bxb2 20. Qxb2 Ne5 21.
Nd4 Nd3 22. Qc3 Nxe1 23. Rxe1 Be6 24. f3 Rfe8 25. g4 Qh4 26. Rf1 Qf6 27. Qc5 g6
28. h3 Bd5 29. Qa7 Rd7 0-1

[Event "DVM U12 2014"]
[Site "Verden/Aller GER"]
[Date "2014.12.27"]
[Round "2"]
[White "Feicht, Franz"]
[Black "Sewald, Richard"]
[Result "1-0"]
[Termination "normal"]
[Board "4.3"]
[WhiteElo "1576"]
[BlackElo "1562"]
[WhiteTeam "TV Tegernsee"]
[BlackTeam "SG Porz"]
[PlyCount "111"]
[WhiteFideId "12960896"]
[BlackFideId "12983586"]
[EventCountry "GER"]
[EventRounds "7"]
[EventType "team-swiss"]
[EventDate "2014.12.26"]

1. e4 d6 2. d4 Nf6 3. Nc3 g6 4. Nf3 Bg7 5. h3 Nbd7 6. Bc4 O-O 7. Bg5 h6 8. Be3
a6 9. Qd2 Kh7 10. g4 Nb6 11. Bd3 Nfd7 12. h4 e5 13. d5 Rb8 14. g5 h5 15. Qe2
Ra8 16. Nd2 Re8 17. f3 c5 18. b3 Nf8 19. Qf2 Kg8 20. a4 Qc7 21. Kd1 Nbd7 22.
Nc4 Nb6 23. Nxb6 Qxb6 24. Bd2 Nd7 25. Rf1 Rf8 26. Ra2 Qc7 27. Ne2 b6 28. Bc3
Qd8 29. Kd2 Qe7 30. Raa1 Bb7 31. Qg3 Rab8 32. Qh3 Bc8 33. Bb2 Ra8 34. c3 Nb8
35. Qg3 Qd7 36. c4 Qh3 37. Qxh3 Bxh3 38. Rf2 Kh7 39. Ng1 Bd7 40. f4 exf4 41.
Bxg7 Kxg7 42. Rxf4 Rd8 43. Raf1 Be8 44. Ra1 Ra7 45. Nf3 Rb7 46. e5 dxe5 47.
Nxe5 a5 48. Rf6 Nd7 49. Nxd7 Bxd7 50. Re1 Re8 51. Rxe8 Bxe8 52. Be4 Bd7 53. Kd3
Kf8 54. Ke3 Ke8 55. Kf4 Kf8 56. Ke5 1-0

[Event "DVM U12 2014"]
[Site "Verden/Aller GER"]
[Date "2014.12.27"]
[Round "2"]
[White "Gallasch, Robin"]
[Black "Kleine, Jakob"]
[Result "0-1"]
[Termination "normal"]
[Board "4.4"]
[WhiteElo "1096"]
[BlackElo "1528"]
[WhiteTeam "SG Porz"]
[BlackTeam "TV Tegernsee"]
[PlyCount "34"]
[WhiteFideId "16222423"]
[BlackFideId "12979821"]
[EventCountry "GER"]
[EventRounds "7"]
[EventType "team-swiss"]
[EventDate "2014.12.26"]

1. Nf3 d5 2. c4 e6 3. Nc3 Nf6 4. d4 Be7 5. Bg5 O-O 6. e3 h6 7. Bh4 Nbd7 8. Be2
dxc4 9. Bxc4 Nb6 10. Bd3 Nbd5 11. Ne5 Nxc3 12. bxc3 Nd5 13. Bxe7 Qxe7 14. c4
Nf6 15. O-O c5 16. Re1 b6 17. Qb3 Ne4 0-1

[Event "DVM U12 2014"]
[Site "Verden/Aller GER"]
[Date "2014.12.27"]
[Round "2"]
[White "Garbuz, Vitaliy"]
[Black "Chernykh, Arkady"]
[Result "1/2-1/2"]
[Termination "normal"]
[Board "5.1"]
[WhiteElo "1920"]
[BlackElo "1426"]
[WhiteTeam "SF Brackel 1930"]
[BlackTeam "Karlsruher SF 1853"]
[PlyCount "73"]
[WhiteFideId "12990710"]
[BlackFideId "12989436"]
[EventCountry "GER"]
[EventRounds "7"]
[EventType "team-swiss"]
[EventDate "2014.12.26"]

1. d4 Nf6 2. c4 g6 3. Nc3 Bg7 4. e4 d6 5. Nf3 Nc6 6. Be2 O-O 7. O-O e5 8. d5
Ne7 9. Ne1 Nd7 10. Be3 f5 11. f3 Kh8 12. b4 Rg8 13. Rc1 f4 14. Bf2 g5 15. c5 a6
16. cxd6 cxd6 17. b5 a5 18. Na4 b6 19. Nd3 Rf8 20. Qb3 Bb7 21. Ndb2 Nc8 22. Nc4
Nc5 23. Nxc5 dxc5 24. Qb2 Nd6 25. Be1 Nxc4 26. Bxc4 Qd6 27. Bc3 Rae8 28. Rcd1
Rf6 29. Kh1 Rh6 30. Qf2 Bf6 31. Rg1 Rg8 32. g4 Rh4 33. Be1 Rg6 34. Qd2 Rgh6 35.
Bf1 Kg7 36. a4 Kf7 37. Qc2 1/2-1/2

[Event "DVM U12 2014"]
[Site "Verden/Aller GER"]
[Date "2014.12.27"]
[Round "2"]
[White "Wastian, Mareike"]
[Black "Kokschenev, Michael"]
[Result "0-1"]
[Termination "normal"]
[Board "5.3"]
[WhiteElo "1573"]
[BlackElo "1086"]
[WhiteTeam "SF Brackel 1930"]
[BlackTeam "Karlsruher SF 1853"]
[PlyCount "70"]
[WhiteFideId "12947423"]
[BlackFideId "12983721"]
[EventCountry "GER"]
[EventRounds "7"]
[EventType "team-swiss"]
[EventDate "2014.12.26"]

1. e4 e5 2. Nf3 Nc6 3. Bb5 a6 4. Bxc6 dxc6 5. Nc3 f6 6. d4 exd4 7. Qxd4 Qxd4 8.
Nxd4 Bb4 9. Bd2 Bd7 10. a3 Bd6 11. f3 Ne7 12. Kf2 O-O-O 13. Rad1 Kb8 14. Nde2
f5 15. exf5 Nxf5 16. Bf4 Bc5+ 17. Ke1 Rhe8 18. Kd2 Ne3 19. Bxe3 Bxe3+ 20. Ke1
Bf5 21. Ne4 Rxd1+ 22. Kxd1 Bxe4 23. fxe4 Rxe4 24. Rf1 Re7 25. Rf3 b5 26. c3 c5
27. Rf8+ Kb7 28. Rd8 Bg5 29. Rd5 Be3 30. Rd3 Kc6 31. Ke1 Bc1 32. b3 Bxa3 33.
Kd1 Rd7 34. Rxd7 Kxd7 35. b4 c4 0-1

[Event "DVM U12 2014"]
[Site "Verden/Aller GER"]
[Date "2014.12.27"]
[Round "2"]
[White "Fidlin, Maximilian"]
[Black "Garbuz, Nicole"]
[Result "0-1"]
[Termination "normal"]
[Board "5.4"]
[WhiteElo "1051"]
[BlackElo "1440"]
[WhiteTeam "Karlsruher SF 1853"]
[BlackTeam "SF Brackel 1930"]
[PlyCount "103"]
[WhiteFideId "12982555"]
[BlackFideId "12990701"]
[EventCountry "GER"]
[EventRounds "7"]
[EventType "team-swiss"]
[EventDate "2014.12.26"]

1. e4 e5 2. Nf3 Nc6 3. Bb5 a6 4. Ba4 Nf6 5. O-O b5 6. Bb3 Be7 7. Re1 O-O 8. c3
d6 9. h3 Na5 10. d4 exd4 11. cxd4 Bb7 12. Nc3 Re8 13. Bg5 Nxb3 14. Qxb3 Nd7 15.
Bxe7 Qxe7 16. Nd2 Qg5 17. Nf3 Qg6 18. Qc2 Nf6 19. e5 Qxc2 20. exf6 gxf6 21.
Rab1 Rxe1+ 22. Nxe1 b4 23. Nxc2 bxc3 24. bxc3 Be4 25. Rb2 Bxc2 26. Rxc2 Rb8 27.
Kf1 Kf8 28. Ke2 Rb1 29. Kf3 Ke7 30. Ke4 Rb5 31. d5 Rb8 32. Kf5 Rb5 33. c4 Rc5
34. Re2+ Kf8 35. Re4 Ra5 36. Re2 Kg7 37. Ke4 Ra4 38. Kd4 Rb4 39. Re7 Rb7 40. a3
c5+ 41. dxc6 Rxe7 42. Kd5 Kf8 43. Kxd6 Ke8 44. f4 Kd8 45. a4 Re6+ 46. Kc5 Kc7
47. Kb4 Rxc6 48. c5 Kd7 49. Ka5 Ke6 50. g3 Kd5 51. f5 Kxc5 52. g4 0-1

[Event "DVM U12 2014"]
[Site "Verden/Aller GER"]
[Date "2014.12.27"]
[Round "2"]
[White "Lieberwirth, Kasimir"]
[Black "Reitz, Theresa"]
[Result "0-1"]
[Termination "normal"]
[Board "6.1"]
[WhiteElo "1546"]
[BlackElo "1485"]
[WhiteTeam "SG Turm Leipzig"]
[BlackTeam "VfR-SC Koblenz"]
[PlyCount "51"]
[WhiteFideId "12988146"]
[BlackFideId "12971901"]
[EventCountry "GER"]
[EventRounds "7"]
[EventType "team-swiss"]
[EventDate "2014.12.26"]

1. e4 c5 2. Nc3 e6 3. f4 Ne7 4. Nf3 g6 5. Bc4 Bg7 6. O-O O-O 7. Bb3 Nbc6 8. d3
d6 9. Bd2 Bd7 10. Qe1 a6 11. a4 Rc8 12. Qh4 Nd4 13. Ng5 h6 14. Nf3 Nec6 15. Qh3
Qb6 16. f5 exf5 17. Bxh6 fxe4 18. Qg3 Nxb3 19. Bxg7 exf3 20. Bf6 c4+ 21. d4
Nbxd4 22. Rf2 Qc5 23. Rd1 Ne2+ 24. Nxe2 fxe2 25. Re1 Rce8 26. Qf4 0-1

[Event "DVM U12 2014"]
[Site "Verden/Aller GER"]
[Date "2014.12.27"]
[Round "2"]
[White "Mailitis, Ricardo"]
[Black "Weimert, Miriam"]
[Result "0-1"]
[Termination "normal"]
[Board "6.2"]
[WhiteElo "1473"]
[BlackElo "1532"]
[WhiteTeam "VfR-SC Koblenz"]
[BlackTeam "SG Turm Leipzig"]
[PlyCount "29"]
[WhiteFideId "12977535"]
[BlackFideId "12966703"]
[EventCountry "GER"]
[EventRounds "7"]
[EventType "team-swiss"]
[EventDate "2014.12.26"]

1. e4 e5 2. Nf3 Nf6 3. Nc3 Nc6 4. d4 exd4 5. Nxd4 Bc5 6. Be3 Bb6 7. Bc4 d6 8.
O-O Ng4 9. h3 Nxe3 10. fxe3 O-O 11. Nd5 Qg5 12. Nf4 Bd7 13. Qd2 Rae8 14. Bd5
Bxd4 15. exd4 {weiterer Spielverlauf nicht erfassbar} 0-1

[Event "DVM U12 2014"]
[Site "Verden/Aller GER"]
[Date "2014.12.27"]
[Round "2"]
[White "Kreicarek, Tobias"]
[Black "Riedel, Thomas"]
[Result "1-0"]
[Termination "normal"]
[Board "6.3"]
[WhiteElo "1446"]
[BlackElo "1199"]
[WhiteTeam "SG Turm Leipzig"]
[BlackTeam "VfR-SC Koblenz"]
[PlyCount "67"]
[WhiteFideId "16255909"]
[BlackFideId "12988278"]
[EventCountry "GER"]
[EventRounds "7"]
[EventType "team-swiss"]
[EventDate "2014.12.26"]

1. e4 d5 2. exd5 Nf6 3. d4 Nxd5 4. c4 Nf6 5. Nc3 Bg4 6. f3 Bf5 7. Be3 e6 8. Qb3
b6 9. O-O-O Nbd7 10. g4 Bxg4 11. fxg4 Nxg4 12. Re1 Nxe3 13. Rxe3 c5 14. d5 Qg5
15. Nb5 Ne5 16. Kb1 Ng4 17. Rg3 Qf4 18. Rf3 Qe4+ 19. Qc2 Qe1+ 20. Qc1 Qxc1+ 21.
Kxc1 Kd8 22. dxe6 fxe6 23. h3 Nf6 24. Rd3+ Ke7 25. Bg2 Rd8 26. Rxd8 Kxd8 27.
Nf3 a6 28. Rd1+ Kc8 29. Nd6+ Kc7 30. Nf7 Rg8 31. N3g5 h6 32. Nxe6+ Kb8 33. Rd8+
Ka7 34. Ra8# 1-0

[Event "DVM U12 2014"]
[Site "Verden/Aller GER"]
[Date "2014.12.27"]
[Round "2"]
[White "Stahnecker, Hagen"]
[Black "Buschmann, Julius"]
[Result "0-1"]
[Termination "normal"]
[Board "6.4"]
[WhiteElo "989"]
[BlackElo "1428"]
[WhiteTeam "VfR-SC Koblenz"]
[BlackTeam "SG Turm Leipzig"]
[PlyCount "124"]
[WhiteFideId "16225422"]
[BlackFideId "16255895"]
[EventCountry "GER"]
[EventRounds "7"]
[EventType "team-swiss"]
[EventDate "2014.12.26"]

1. e4 e5 2. Nf3 Nc6 3. Bc4 Bc5 4. O-O Nf6 5. d3 h6 6. c3 d6 7. b4 Bb6 8. a4 a5
9. b5 Ne7 10. Re1 O-O 11. Be3 Bxe3 12. Rxe3 b6 13. h3 Be6 14. Bxe6 fxe6 15.
Nbd2 Ng6 16. Nf1 Qd7 17. Qb3 d5 18. Ng3 Rfe8 19. Rd1 Rad8 20. h4 c6 21. h5 Ng4
22. Re2 Nf4 23. Red2 cxb5 24. axb5 Rc8 25. Kf1 Rc5 26. c4 Nf6 27. Nxe5 Qd6 28.
Nf3 N6xh5 29. Nxh5 Nxh5 30. g3 Rf8 31. Kg2 Qd7 32. Ne5 Qd6 33. Nf3 Rd8 34. e5
Qd7 35. Rh1 g6 36. g4 Nf4+ 37. Kg3 g5 38. Rxh6 Qg7 39. Rh1 dxc4 40. dxc4 Rxd2
41. Nxd2 Qxe5 42. Qf3 Ng6+ 43. Kg2 Nh4+ 44. Rxh4 gxh4 45. Qa8+ Kf7 46. Qb7+ Qc7
47. Qf3+ Ke7 48. Ne4 Rxc4 49. Qf6+ Kd7 50. Qf7+ Kc8 51. Qe8+ Kb7 52. Qxe6 h3+
53. Kf3 Ka7 54. g5 h2 55. Qh3 Qb7 56. Qf5 h1=Q+ 57. Kf4 Qbxe4+ 58. Qxe4 Qxe4+
59. Kg3 Rc3+ 60. Kh2 Qg4 61. f3 Rxf3 62. g6 Rh3# 0-1

[Event "DVM U12 2014"]
[Site "Verden/Aller GER"]
[Date "2014.12.27"]
[Round "2"]
[White "Gheng, Dominik"]
[Black "Krastev, Alexander"]
[Result "0-1"]
[Termination "normal"]
[Board "7.1"]
[WhiteElo "1713"]
[BlackElo "1727"]
[WhiteTeam "Schach-Kids Bernhausen"]
[BlackTeam "Biebertaler Schachfreunde"]
[PlyCount "72"]
[WhiteFideId "12906778"]
[BlackFideId "12989983"]
[EventCountry "GER"]
[EventRounds "7"]
[EventType "team-swiss"]
[EventDate "2014.12.26"]

1. e4 e5 2. Nf3 Nc6 3. Bb5 Nf6 4. O-O Nxe4 5. Re1 Nd6 6. Nxe5 Be7 7. Qe2 Nd4 8.
Qd3 N6xb5 9. c4 d6 10. Nf3 Bf5 11. Qe3 Nc2 12. Qb3 Nxe1 13. Qxb5+ Bd7 14. Qb3
Nxf3+ 15. Qxf3 Bc6 16. Qg3 Bf6 17. Nc3 Qe7 18. Qe3 a6 19. Nd5 Bxd5 20. cxd5 Bd4
21. Qxe7+ Kxe7 22. a4 Rhe8 23. g3 Kd7 24. Ra3 Re1+ 25. Kg2 Rae8 26. Rd3 Ba7 27.
Rc3 R8e2 28. Kh3 Rxf2 29. d3 Ree2 30. Bf4 Rxh2+ 31. Kg4 Be3 32. Bxe3 Rxe3 33.
Kf4 Rxd3 34. b4 Rf2+ 35. Kg5 Rxd5+ 36. Kh4 Rh2+ 0-1

[Event "DVM U12 2014"]
[Site "Verden/Aller GER"]
[Date "2014.12.27"]
[Round "2"]
[White "Engländer, Leon Arne"]
[Black "Grube, Olaf"]
[Result "1-0"]
[Termination "normal"]
[Board "7.2"]
[WhiteElo "1312"]
[BlackElo "1164"]
[WhiteTeam "Biebertaler Schachfreunde"]
[BlackTeam "Schach-Kids Bernhausen"]
[PlyCount "115"]
[WhiteFideId "12997226"]
[BlackFideId "12956988"]
[EventCountry "GER"]
[EventRounds "7"]
[EventType "team-swiss"]
[EventDate "2014.12.26"]

1. e4 c5 2. Nc3 e5 3. d3 d6 4. f4 Nc6 5. Nf3 Bg4 6. g3 Nd4 7. Bg2 g6 8. Be3 Bg7
9. h3 Be6 10. Ne2 Nxe2 11. Qxe2 exf4 12. Bxf4 Bxb2 13. Rb1 Qa5+ 14. Kf2 Qxa2
15. c4 Qa3 16. Rxb2 Rb8 17. Bxd6 Rd8 18. Be5 f6 19. Bf4 Rxd3 20. Bc1 Bxc4 21.
Rc2 Qb3 22. Rb2 Qc3 23. Qc2 Ba6 24. Qxc3 Rxc3 25. Ra2 Ne7 26. Bd2 Rc4 27. Bf1
Rxe4 28. Bxa6 bxa6 29. Rxa6 Nd5 30. Rxa7 c4 31. Ra8+ Kf7 32. Rxh8 c3 33. Bxc3
Nxc3 34. Rxh7+ Kg8 35. Rc7 Re2+ 36. Kf1 Rc2 37. Rh2 Rc1+ 38. Kf2 Nd1+ 39. Ke2
Rxc7 40. Kxd1 Rd7+ 41. Rd2 Ra7 42. Ke2 Re7+ 43. Kd3 Rd7+ 44. Kc4 Rc7+ 45. Kd5
Rc3 46. Ke4 f5+ 47. Kf4 Kh7 48. Ng5+ Kh6 49. h4 Rc4+ 50. Kf3 Rc3+ 51. Kg2 Kh5
52. Rf2 Rd3 53. Kh3 Rc3 54. Rf3 Rc4 55. Rd3 Rb4 56. Rd7 Rxh4+ 57. gxh4 f4 58.
Rh7# 1-0

[Event "DVM U12 2014"]
[Site "Verden/Aller GER"]
[Date "2014.12.27"]
[Round "2"]
[White "Späth, Christoph"]
[Black "Engert, Kiyan"]
[Result "0-1"]
[Termination "normal"]
[Board "7.3"]
[WhiteElo "1166"]
[BlackElo "1156"]
[WhiteTeam "Schach-Kids Bernhausen"]
[BlackTeam "Biebertaler Schachfreunde"]
[PlyCount "56"]
[BlackFideId "16214870"]
[EventCountry "GER"]
[EventRounds "7"]
[EventType "team-swiss"]
[EventDate "2014.12.26"]

1. e4 e5 2. Nf3 Nc6 3. Bc4 Bc5 4. O-O d6 5. h3 h6 6. Nc3 Nd4 7. d3 Qf6 8. Nd5
Qd8 9. Nxd4 Bxd4 10. Qf3 Nf6 11. c3 Bb6 12. Qg3 g5 13. Qf3 Nxd5 14. Bxd5 Qe7
15. b4 c6 16. Bb3 Be6 17. Ba4 O-O-O 18. Be3 Rdg8 19. Bxb6 axb6 20. Bd1 h5 21.
a4 g4 22. hxg4 hxg4 23. Qe3 Qh4 24. Qh3 gxh3 25. g3 Rxg3+ 26. Kh2 Rg2+ 27. Kh1
Qf4 28. Rg1 Qh2# 0-1

[Event "DVM U12 2014"]
[Site "Verden/Aller GER"]
[Date "2014.12.27"]
[Round "2"]
[White "Limpert, Tillmann"]
[Black "Ungerer, Tobias"]
[Result "0-1"]
[Termination "normal"]
[Board "7.4"]
[WhiteElo "1070"]
[BlackElo "1148"]
[WhiteTeam "Biebertaler Schachfreunde"]
[BlackTeam "Schach-Kids Bernhausen"]
[PlyCount "88"]
[WhiteFideId "16213254"]
[BlackFideId "12970999"]
[EventCountry "GER"]
[EventRounds "7"]
[EventType "team-swiss"]
[EventDate "2014.12.26"]

1. e4 c5 2. Nf3 d6 3. Nc3 Nc6 4. Bc4 e6 5. d3 Nf6 6. Bb3 g6 7. Be3 Bg7 8. Qd2
Bd7 9. O-O-O Rc8 10. Nb5 O-O 11. Bh6 Bxh6 12. Qxh6 Ng4 13. Qd2 a6 14. Nxd6 Ra8
15. Nxb7 Qf6 16. Nxc5 Be8 17. h3 a5 18. hxg4 Rb8 19. Qh6 Qh8 20. c3 f6 21. Ba4
Nd8 22. Bxe8 Rxe8 23. e5 Nf7 24. Qh3 fxe5 25. g5 Rb5 26. Nxe6 Reb8 27. Rd2 a4
28. a3 e4 29. Nfd4 R5b6 30. dxe4 Ne5 31. b4 axb3 32. Nxb3 Rxb3 33. Rd8+ Rxd8
34. Nxd8 Nd3+ 35. Qxd3 Rxc3+ 36. Kd2 Rxd3+ 37. Kxd3 Qb2 38. Re1 Qxa3+ 39. Kd2
Qa5+ 40. Kd1 Qxd8+ 41. Kc2 Qa5 42. Kd1 Qa1+ 43. Kd2 Qb2+ 44. Kd1 Qxf2 0-1

[Event "DVM U12 2014"]
[Site "Verden/Aller GER"]
[Date "2014.12.27"]
[Round "2"]
[White "Heckmann, Till"]
[Black "Kittelberger, Mattis"]
[Result "1-0"]
[Termination "normal"]
[Board "8.1"]
[WhiteElo "1530"]
[BlackElo "1564"]
[WhiteTeam "SV Empor Berlin"]
[BlackTeam "SC Aurich"]
[PlyCount "41"]
[WhiteFideId "12987093"]
[BlackFideId "12965103"]
[EventCountry "GER"]
[EventRounds "7"]
[EventType "team-swiss"]
[EventDate "2014.12.26"]

1. e4 c5 2. Nc3 e6 3. Nge2 d5 4. exd5 exd5 5. d4 cxd4 6. Nxd4 Nf6 7. g3 Bc5 8.
Be3 Qe7 9. Qe2 O-O 10. O-O-O Re8 11. h3 Ne4 12. Nxd5 Qd6 13. Nb5 Bxe3+ 14. Qxe3
Qc6 15. Nbc7 Nd6 16. Nxe8 Qxe8 17. Qxe8+ Nxe8 18. Ne7+ Kf8 19. Nxc8 Nc6 20. Nd6
Nf6 21. Bg2 1-0

[Event "DVM U12 2014"]
[Site "Verden/Aller GER"]
[Date "2014.12.27"]
[Round "2"]
[White "Rajendram, Reanosh"]
[Black "Pysarenko, Kyrill"]
[Result "0-1"]
[Termination "normal"]
[Board "8.2"]
[WhiteElo "1249"]
[BlackElo "1408"]
[WhiteTeam "SC Aurich"]
[BlackTeam "SV Empor Berlin"]
[PlyCount "44"]
[WhiteFideId "12965162"]
[BlackFideId "12974250"]
[EventCountry "GER"]
[EventRounds "7"]
[EventType "team-swiss"]
[EventDate "2014.12.26"]

1. e4 c5 2. Nf3 a6 3. d4 cxd4 4. Nxd4 d6 5. Nc3 e6 6. Be3 Nf6 7. Qe2 b5 8.
O-O-O Bb7 9. Kb1 b4 10. Na4 Nxe4 11. Nb3 Nd7 12. f3 Nef6 13. g4 Nxg4 14. Rg1
Nxe3 15. Qxe3 Bc6 16. Nd4 Bxa4 17. b3 Bb5 18. f4 Ba4 19. bxa4 Nc5 20. Nc6 Qc7
21. Nxb4 Rb8 22. Rg2 Rxb4+ 0-1